000 00194nam a2200085Ia 4500
008 120527s9999 xx 000 0 und d
100 _aBrink & Myers
245 _aExploring Psychology
942 _cBK
999 _c27651
_d27651